The American planning tradition : (Record no. 18736)

000 -LEADER
fixed length control field 00818cam a22002294a 4500
020 ## - INTERNATIONAL STANDARD BOOK NUMBER
ISBN 0943875951 (hard : alk. paper)
020 ## - INTERNATIONAL STANDARD BOOK NUMBER
ISBN 094387596X (pbk. : alk. paper)
040 ## - CATALOGING SOURCE
Transcribing agency DLC
082 00 - DEWEY DECIMAL CLASSIFICATION NUMBER
Classification number 307 JUP 2000 C152 Or.
245 04 - TITLE STATEMENT
Title The American planning tradition :
Remainder of title culture and policy /
260 ## - PUBLICATION, DISTRIBUTION, ETC. (IMPRINT)
Place of publication Washington, D.C. :
Name of publisher Woodrow Wilson Centre Press ;
Place of publication Baltimore :
Name of publisher Johns Hopkins University Press,
Year of publication c2000.
300 ## - PHYSICAL DESCRIPTION
Number of Pages ix, 328 p. :
Other physical details ill. ;
Dimensions 26 cm.
650 #0 - SUBJECT ADDED ENTRY--TOPICAL TERM
Topical Term City planning
650 #0 - SUBJECT ADDED ENTRY--TOPICAL TERM
Topical Term Land use, Urban
650 #0 - SUBJECT ADDED ENTRY--TOPICAL TERM
Topical Term Land use
650 #0 - SUBJECT ADDED ENTRY--TOPICAL TERM
Topical Term Urban renewal
700 1# - ADDED ENTRY--PERSONAL NAME
Personal name Fishman, Robert,
856 42 - ELECTRONIC LOCATION AND ACCESS
Uniform Resource Identifier http://www.loc.gov/catdir/bios/jhu051/99050614.html
856 42 - ELECTRONIC LOCATION AND ACCESS
Uniform Resource Identifier http://www.loc.gov/catdir/description/jhu052/99050614.html
856 42 - ELECTRONIC LOCATION AND ACCESS
Uniform Resource Identifier http://www.h-net.org/review/hrev-a0c6p9-aa
942 ## - ADDED ENTRY ELEMENTS (KOHA)
Koha item type ADB
952 ## - LOCATION AND ITEM INFORMATION (KOHA)
Withdrawn status [LOCAL, KOHA] 0
Holdings
Koha item type Source of acquisition Lost status Permanent Location Current Location Date acquired Full call number
សៀវភៅភាសាអង់គ្លេសA39251 Library Block CLibrary Block C2020-01-17307 JUP 2000 C152 Or.
មជ្ឈមណ្ឌលឯការនៃសាកលវិទ្យាល័យភូមិន្ទកសិកម្មចំការដូង

Powered by Koha